Central Library and Information Centre
Sibsagar Girls' College, Sivasagar : Assam

COMPARATIVE EDUCATION (Record no. 3349)

MARC details
000 -LEADER
fixed length control field 00414cam a2200181ua 4500
008 - FIXED-LENGTH DATA ELEMENTS--GENERAL INFORMATION
fixed length control field 131203n1986 II |||gr||||Z||||||eng
040 ## - CATALOGING SOURCE
Original cataloging agency MAIN
041 ## - LANGUAGE CODE
-- English
082 ## - DEWEY DECIMAL CLASSIFICATION NUMBER
Classification number 370.9 KHA
100 ## - MAIN ENTRY--PERSONAL NAME
Personal name KHANNA, S.D.
245 ## - TITLE STATEMENT
Title COMPARATIVE EDUCATION
250 ## - EDITION STATEMENT
Edition statement 6TH REV.
260 ## - PUBLICATION, DISTRIBUTION, ETC.
Place of publication, distribution, etc. NEW DELHI
Name of publisher, distributor, etc. DOOBA HOUSE
Date of publication, distribution, etc. 1986
300 ## - PHYSICAL DESCRIPTION
Extent 351:
Dimensions 20CM.
942 ## - ADDED ENTRY ELEMENTS (KOHA)
Koha item type Books
653 ## - INDEX TERM--UNCONTROLLED
Uncontrolled term Comparative Education
Holdings
Withdrawn status Lost status Damaged status Not for loan Collection code Home library Current library Shelving location Date acquired Full call number Barcode Date last seen Copy number Price effective from Koha item type
        TBEDU Central Library and Information Centre Sibsagar Girls College Central Library and Information Centre Sibsagar Girls College Education Reck 07.03.1985 370.9 KHA 11537 27.02.2020 1 27.02.2020 Books


Sibsagar Girl's College © 2020. All rights reserved.
Powered by Koha.
Maintained by Abhijit Borpuzari.